Nouvautés de la coupe du monde 2026. - Statistiques

Statistiques générales
  • Ce quiz a été pris 60 fois
  • Le résultat moyen est 8 sur 16
Statistiques - réponses
Hint Réponse % Correct
Nombre de place assuré pour l'Océanie 1
93%
Nombre de sélection de l'Amérique du Sud 6
91%
Nombre de sélection de l'Amérique du Nord 6
91%
Nombre de sélection européenne 16
85%
Nombre de ville hôtes 16
85%
Nombre de sélection totale 48
84%
Nombre de sélection asiatique 8
84%
Nombre de sélection africaine 9
84%
Nombres de place supplémentaire 17
44%
Nombre de match à jouer au lieu de 64 80
20%
Pays organisateur Canada, Mexique, États-Unis
18%
Qualification des 2 premiers groupes pour enchaîner sur des.... 32e de finale
2%
(formation probable) Groupe de combien (ex: 15 groupes de 4) 12 groupes de 4,16 groupes de 3 ou deux côtés de 6 groupes de quatre.
0%
Villes hôtes Méxicaines (nom des villes) Guadalajara, Mexico City et Monterrey
0%
Villes hôtes Américaine (nom des villes) Seattle, San Francisco, Los Angeles, Kansas City, Dallas, Atlanta, Houston, Boston, Philadelphie, Miami, New York
0%
Villes hôtes Canadienne (nom des villes) Toronto et Vancouver
0%
Aucun quiz correspondant
Distribution des résultats
% des personnes avec chaque résultat
Percentile par nombre de réponses
Votre historique - résultats
Vous n’avez pas pris ce quiz